000 00603cam a2200205 a 4500
001 000018378
005 20200929165500.0
008 800802s1969 ve 000 0 spa d
040 _aDO-SdBNP
_bspa
_cLC
_dBNPHU
082 _aV862.44
_bC545ó
100 1 _aChocron, Isaac E.,
_d1932-
_922454
245 1 0 _aO.K. :
_bpieza en dos partes /
_cIsaac Chocron.
260 _aCaracas :
_bMonte Avila,
_c[1969].
300 _a161 p. ;
_c19 cm.
490 1 _aDonaire
650 4 _aTeatro venezolano
_923074
650 4 _aLiteratura venezolana
_93816
910 _aCatalogación por derivada / LC
049 _aBNGR
999 _c17899
_d17899